[Event "1st Chateau Montaiguillon Rapid 2019"]
[Site "Montagne"]
[Date "2019.09.08"]
[Round "1.1"]
[White "Moussard, Jules"]
[Black "Fournier, Remi"]
[Result "1-0"]
[WhiteElo "2608"]
[BlackElo "1609"]
[Annotator "RC"]
[PlyCount "69"]
[EventDate "2019.09.08"]
[EventType "swiss"]
[EventCountry "FRA"]
[SourceTitle "playchess.com"]
[Source "ChessBase"]
[SourceQuality "1"]
[TimeControl "720+3"]

1. c4 {[%emt 0:00:00]} Nf6 {[%emt 0:00:00]} 2. Nc3 {[%emt 0:00:01]} g6 {[%emt 0:00:01]} 3. g3 {[%emt 0:00:08]} Bg7 {[%emt 0:00:02]} 4. Bg2 {[%emt 0:00:00]} c5 {[%emt 0:00:01]} 5. a3 {[%emt 0:00:09]} Nc6 {[%emt 0:00:17]} 6. Rb1 {[%emt 0:00:03]} Rb8 {[%emt 0:00:18]} 7. b4 {[%emt 0:00:03]} b6 {[%emt 0:00:01]} 8. Nf3 {[%emt 0:00:28]} Bb7 {[%emt 0:00:56]} 9. O-O {[%emt 0:00:08]} Nd4 {[%emt 0:00:34]} 10. Nxd4 {[%emt 0:00:16]} Bxg2 {[%emt 0:00:01]} 11. Ne6 {[%emt 0:00:08]} dxe6 {[%emt 0:00:16]} 12. Qa4+ {[%emt 0:00:03]} b5 {[%emt 0:00:26]} 13. cxb5 {[%emt 0:00:02]} Bb7 {[%emt 0:01:00]} 14. bxc5 {[%emt 0:00:17]} O-O {[%emt 0:00:26]} 15. c6 {[%emt 0:00:10]} Ba8 {[%emt 0:01:03]} 16. Qxa7 {[%emt 0:00:12]} Nd5 {[%emt 0:00:09]} 17. Qc5 {[%emt 0:00:30]} Qb6 {[%emt 0:00:25]} 18. Qxb6 {[%emt 0:01:06]} Rxb6 {[%emt 0:00:01]} 19. Na4 {[%emt 0:00:01]} Rbb8 {[%emt 0:00:19]} 20. e4 {[%emt 0:00:04]} Bxc6 {[%emt 0:00:32]} 21. exd5 {[%emt 0:00:50]} Bxb5 {[%emt 0:00:01]} 22. Rxb5 {[%emt 0:00:21]} Rxb5 {[%emt 0:00:10]} 23. dxe6 {[%emt 0:00:01]} Ra8 {[%emt 0:00:22]} 24. exf7+ {[%emt 0:00:03]} Kxf7 {[%emt 0:00:01]} 25. Nc3 {[%emt 0:00:01]} Bxc3 {[%emt 0:00:03]} 26. dxc3 {[%emt 0:00:00]} Rb3 {[%emt 0:00:02]} 27. Re1 {[%emt 0:00:13]} Rb1 {[%emt 0:00:16]} 28. Kf1 {[%emt 0:00:07]} Rxc1 {[%emt 0:00:01]} 29. Rxc1 Rxa3 {[%emt 0:00:00]} 30. c4 {[%emt 0:01:00]} Ra2 {[%emt 0:00:23]} 31. c5 {[%emt 0:00:04]} Ke8 {[%emt 0:00:01]} 32. c6 {[%emt 0:00:10]} Kd8 {[%emt 0:00:01]} 33. c7+ {[%emt 0:00:01]} Kc8 {[%emt 0:00:01]} 34. Re1 {[%emt 0:00:01]} Kd7 {[%emt 0:00:02]} 35. Rxe7+ {[%emt 0:00:01]} 1-0

[Event "1st Chateau Montaiguillon Rapid 2019"]
[Site "Montagne"]
[Date "2019.09.08"]
[Round "1.2"]
[White "Shakessi, Hossein"]
[Black "Fressinet, Laurent"]
[Result "0-1"]
[WhiteElo "1629"]
[BlackElo "2633"]
[Annotator "RC"]
[PlyCount "32"]
[EventDate "2019.09.08"]
[EventType "swiss"]
[EventCountry "FRA"]
[SourceTitle "playchess.com"]
[Source "ChessBase"]
[SourceQuality "1"]
[TimeControl "720+3"]

1. d4 {[%emt 0:00:00]} Nf6 {[%emt 0:00:00]} 2. Nf3 {[%emt 0:00:00]} g6 {[%emt 0:00:01]} 3. g3 {[%emt 0:00:02]} Bg7 {[%emt 0:00:03]} 4. Bg2 {[%emt 0:00:01]} c5 {[%emt 0:00:02]} 5. O-O {[%emt 0:00:03]} O-O {[%emt 0:00:09]} 6. Nbd2 {[%emt 0:00:09]} cxd4 {[%emt 0:00:03]} 7. Nxd4 {[%emt 0:00:03]} Nc6 {[%emt 0:00:02]} 8. N4b3 {[%emt 0:00:10]} a5 {[%emt 0:00:09]} 9. a4 {[%emt 0:00:07]} d6 {[%emt 0:00:22]} 10. c3 {[%emt 0:00:18]} Be6 {[%emt 0:00:11]} 11. Ra3 {[%emt 0:00:23]} Qd7 {[%emt 0:00:06]} 12. Ne4 {[%emt 0:00:18]} Bh3 {[%emt 0:00:23]} 13. Ng5 {[%emt 0:00:25]} Bxg2 {[%emt 0:00:04]} 14. Kxg2 {[%emt 0:00:03]} Ne5 {[%emt 0:00:18]} 15. f3 {[%emt 0:00:34]} h6 {[%emt 0:00:13]} 16. Nc5 {[%emt 0:00:22]} dxc5 {[%emt 0:00:06]} 0-1

[Event "1st Chateau Montaiguillon Rapid 2019"]
[Site "Montagne"]
[Date "2019.09.08"]
[Round "1.3"]
[White "Lagarde, Maxime"]
[Black "Villeneuve, Robin"]
[Result "1-0"]
[WhiteElo "2657"]
[BlackElo "1530"]
[Annotator "TA"]
[PlyCount "26"]
[EventDate "2019.09.08"]
[EventType "swiss"]
[EventCountry "FRA"]
[SourceTitle "playchess.com"]
[Source "ChessBase"]
[SourceQuality "1"]

{[%evp 9,26,0,1,2,21,19,29,0,24,0,2,-6,6,7,17,-10,0,-7,29]} 1. d4 d5 2. Bf4 Nf6 3. e3 Bf5 4. Nf3 e6 5. Nc3 c6 6. Bd3 {D00: 1 d4 d5: Unusual lines} (6. Be2 h6 7. O-O Nbd7 8. Bd3 Bxd3 9. Qxd3 Bb4 10. a3 Bxc3 11. Qxc3 Ne4 12. Qd3 g5 13. Bg3 h5 {1-0 (44) Radjabov,T (2724)-Anton Guijarro,D (2631) Dubai 2014}) 6... Bxd3 7. cxd3 Bd6 8. Ne5 {White has an edge.} Qe7 9. Qf3 $146 ({Predecessor:} 9. O-O O-O 10. Bg5 Nbd7 11. f4 Qe8 12. Rf3 {1-0 (56) Pospisil,D (2197)-Zikan,K (1846) Brno 2005}) 9... Nbd7 {The position is equal.} 10. g4 h6 11. h4 Nh7 12. g5 hxg5 13. hxg5 {[#] g6 is the strong threat.} O-O-O {[%mdl 32768] Sensor Board Error (Ke4/e5)?} 1-0

[Event "1st Chateau Montaiguillon Rapid 2019"]
[Site "Montagne"]
[Date "2019.09.08"]
[Round "1.4"]
[White "Bustos-Salinas, Thomas"]
[Black "Cornette, Matthieu"]
[Result "0-1"]
[WhiteElo "1732"]
[BlackElo "2558"]
[Annotator "RC"]
[PlyCount "60"]
[EventDate "2019.09.08"]
[EventType "swiss"]
[EventCountry "FRA"]
[SourceTitle "playchess.com"]
[Source "ChessBase"]
[SourceQuality "1"]
[TimeControl "720+3"]

1. d4 {[%emt 0:00:00]} Nf6 {[%emt 0:00:00]} 2. Nf3 {[%emt 0:00:02]} c5 {[%emt 0:00:02]} 3. d5 {[%emt 0:00:04]} b5 {[%emt 0:00:03]} 4. Bg5 {[%emt 0:00:06]} Qb6 {[%emt 0:00:01]} 5. a4 {[%emt 0:00:19]} b4 {[%emt 0:00:03]} 6. e3 {[%emt 0:00:41]} h6 {[%emt 0:00:11]} 7. Bxf6 {[%emt 0:00:52]} Qxf6 {[%emt 0:00:04]} 8. c3 {[%emt 0:00:07]} g5 {[%emt 0:00:25]} 9. h3 {[%emt 0:01:52]} Bg7 {[%emt 0:00:05]} 10. e4 {[%emt 0:00:31]} d6 {[%emt 0:00:06]} 11. Bb5+ {[%emt 0:00:43]} Nd7 {[%emt 0:00:16]} 12. Qc2 {[%emt 0:01:26]} O-O {[%emt 0:00:12]} 13. O-O {[%emt 0:00:27]} a5 {[%emt 0:00:07]} 14. Bxd7 {[%emt 0:00:43]} Bxd7 {[%emt 0:00:02]} 15. e5 {[%emt 0:00:33]} dxe5 {[%emt 0:00:15]} 16. Nbd2 {[%emt 0:00:30]} Bf5 {[%emt 0:00:23]} 17. Ne4 {[%emt 0:00:11]} Bxe4 {[%emt 0:00:35]} 18. Qxe4 {[%emt 0:00:03]} Qf4 {[%emt 0:00:07]} 19. Rfe1 {[%emt 0:00:33]} Qxe4 {[%emt 0:00:20]} 20. Rxe4 {[%emt 0:00:07]} f5 {[%emt 0:00:05]} 21. Rc4 {[%emt 0:00:26]} Rac8 {[%emt 0:00:01]} 22. Rc1 {[%emt 0:00:26]} bxc3 {[%emt 0:00:11]} 23. bxc3 {[%emt 0:00:25]} Rfd8 {[%emt 0:00:01]} 24. Rd1 {[%emt 0:00:19]} Rd6 {[%emt 0:00:26]} 25. g4 {[%emt 0:00:30]} e6 {[%emt 0:00:23]} 26. gxf5 {[%emt 0:00:22]} Rxd5 {[%emt 0:00:02]} 27. Rxd5 {[%emt 0:00:40]} exd5 {[%emt 0:00:02]} 28. Rg4 {[%emt 0:00:02]} e4 {[%emt 0:00:10]} 29. Nh4 {[%emt 0:00:21]} Bxc3 {[%emt 0:00:27]} 30. Ng6 {[%emt 0:00:01]} Bf6 {[%emt 0:00:03]} 0-1

[Event "1st Chateau Montaiguillon Rapid 2019"]
[Site "Montagne"]
[Date "2019.09.08"]
[Round "2.1"]
[White "Galon, Sascha"]
[Black "Moussard, Jules"]
[Result "0-1"]
[WhiteElo "1970"]
[BlackElo "2608"]
[Annotator "RC"]
[PlyCount "64"]
[EventDate "2019.09.08"]
[EventType "swiss"]
[EventCountry "FRA"]
[SourceTitle "playchess.com"]
[Source "ChessBase"]
[SourceQuality "1"]
[TimeControl "720+3"]

1. e4 {[%emt 0:00:00]} g6 {[%emt 0:00:02]} 2. d4 {[%emt 0:00:00]} Bg7 {[%emt 0:00:01]} 3. Nc3 {[%emt 0:00:00]} a6 {[%emt 0:00:02]} 4. Nf3 {[%emt 0:00:10]} d6 {[%emt 0:00:02]} 5. Bg5 {[%emt 0:00:21]} Bg4 {[%emt 0:00:53]} 6. Bc4 {[%emt 0:01:03]} h6 {[%emt 0:00:04]} 7. Be3 {[%emt 0:00:16]} Nc6 {[%emt 0:00:10]} 8. h3 {[%emt 0:00:19]} Bxf3 {[%emt 0:00:18]} 9. Qxf3 {[%emt 0:00:23]} e6 {[%emt 0:00:02]} 10. O-O-O {[%emt 0:00:07]} b5 {[%emt 0:00:13]} 11. e5 {[%emt 0:02:17]} Nge7 {[%emt 0:01:07]} 12. Bb3 {[%emt 0:01:19]} d5 {[%emt 0:01:19]} 13. g4 {[%emt 0:00:33]} Na5 {[%emt 0:00:54]} 14. Qe2 {[%emt 0:00:41]} Qd7 {[%emt 0:00:19]} 15. f4 {[%emt 0:00:23]} Nc4 {[%emt 0:00:19]} 16. Rhf1 {[%emt 0:00:35]} h5 {[%emt 0:00:06]} 17. Bxc4 {[%emt 0:00:43]} bxc4 {[%emt 0:00:03]} 18. Qd2 {[%emt 0:00:12]} Rb8 {[%emt 0:00:27]} 19. b3 {[%emt 0:00:38]} Qc6 {[%emt 0:00:01]} 20. Kb2 {[%emt 0:00:29]} Bf8 {[%emt 0:00:13]} 21. Ka1 {[%emt 0:00:21]} Nc8 {[%emt 0:00:19]} 22. Na4 {[%emt 0:00:56]} Bb4 {[%emt 0:00:43]} 23. c3 {[%emt 0:00:05]} Be7 {[%emt 0:00:04]} 24. Rb1 {[%emt 0:00:24]} cxb3 {[%emt 0:00:10]} 25. Rxb3 {[%emt 0:00:06]} Rb5 {[%emt 0:00:07]} 26. Rxb5 {[%emt 0:00:11]} Qxb5 {[%emt 0:00:01]} 27. Qd1 {[%emt 0:00:05]} hxg4 {[%emt 0:00:02]} 28. hxg4 {[%emt 0:00:08]} Rh3 {[%emt 0:00:02]} 29. Bc1 {[%emt 0:00:20]} Nb6 {[%emt 0:00:06]} 30. Nxb6 {[%emt 0:00:07]} cxb6 {[%emt 0:00:10]} 31. Bb2 {[%emt 0:00:03]} Rh2 {[%emt 0:00:11]} 32. Qb1 {[%emt 0:00:05]} Rxb2 {[%emt 0:00:03]} 0-1

[Event "1st Chateau Montaiguillon Rapid 2019"]
[Site "Montagne"]
[Date "2019.09.08"]
[Round "2.2"]
[White "Fressinet, Laurent"]
[Black "Reed, John"]
[Result "1-0"]
[WhiteElo "2633"]
[BlackElo "1859"]
[Annotator "RC"]
[PlyCount "71"]
[EventDate "2019.09.08"]
[EventType "swiss"]
[EventCountry "FRA"]
[SourceTitle "playchess.com"]
[Source "ChessBase"]
[SourceQuality "1"]
[TimeControl "720+3"]

1. e4 {[%emt 0:00:00]} e5 {[%emt 0:00:00]} 2. Nf3 {[%emt 0:00:00]} Nc6 {[%emt 0:00:00]} 3. Bc4 {[%emt 0:00:02]} Nf6 {[%emt 0:00:00]} 4. d3 {[%emt 0:00:01]} Be7 {[%emt 0:00:00]} 5. O-O {[%emt 0:00:04]} O-O {[%emt 0:00:02]} 6. Nc3 {[%emt 0:00:02]} d6 {[%emt 0:00:01]} 7. a3 {[%emt 0:00:01]} Be6 {[%emt 0:00:08]} 8. Ng5 {[%emt 0:00:10]} Bxc4 {[%emt 0:00:06]} 9. dxc4 {[%emt 0:00:03]} h6 {[%emt 0:00:17]} 10. Nf3 {[%emt 0:00:02]} Qd7 {[%emt 0:00:35]} 11. h3 {[%emt 0:00:21]} Qe6 {[%emt 0:00:10]} 12. Qd3 {[%emt 0:00:17]} Na5 {[%emt 0:00:53]} 13. b3 {[%emt 0:00:05]} b6 {[%emt 0:00:01]} 14. Be3 {[%emt 0:00:17]} Nb7 {[%emt 0:00:07]} 15. b4 {[%emt 0:00:26]} Rfd8 {[%emt 0:00:25]} 16. Rfd1 {[%emt 0:00:30]} c6 {[%emt 0:00:29]} 17. a4 {[%emt 0:00:46]} Rd7 {[%emt 0:00:56]} 18. b5 {[%emt 0:00:28]} Nc5 {[%emt 0:00:21]} 19. Bxc5 {[%emt 0:00:04]} dxc5 {[%emt 0:00:02]} 20. Qe2 {[%emt 0:00:01]} cxb5 {[%emt 0:00:31]} 21. Rxd7 {[%emt 0:09:23]} Nxd7 {[%emt 0:00:18]} 22. axb5 {[%emt 0:00:03]} Nf6 {[%emt 0:07:44]} 23. Nd5 {[%emt 0:00:00]} Bd6 {[%emt 0:00:00]} 24. Nxb6 {[%emt 0:00:06]} Rd8 {[%emt 0:00:06]} 25. Nd5 {[%emt 0:00:00]} Bb8 {[%emt 0:00:00]} 26. Qd3 {[%emt 0:00:00]} Nh5 {[%emt 0:00:00]} 27. Qe3 {[%emt 0:00:00]} Nf4 {[%emt 0:00:09]} 28. Qxc5 {[%emt 0:00:00]} Bd6 {[%emt 0:00:00]} 29. Nxf4 {[%emt 0:00:00]} Bxc5 {[%emt 0:00:00]} 30. Nxe6 {[%emt 0:00:00]} fxe6 {[%emt 0:00:09]} 31. Kf1 {[%emt 0:00:00]} Kf7 {[%emt 0:00:00]} 32. Nxe5+ {[%emt 0:00:00]} Kf6 {[%emt 0:00:00]} 33. Nd3 {[%emt 0:00:00]} Bd4 {[%emt 0:00:00]} 34. Ra4 {[%emt 0:00:00]} e5 {[%emt 0:00:00]} 35. c5 {[%emt 0:00:00]} Rb8 {[%emt 0:00:00]} 36. c4 {[%emt 0:00:00]} 1-0

[Event "1st Chateau Montaiguillon Rapid 2019"]
[Site "Montagne"]
[Date "2019.09.08"]
[Round "2.3"]
[White "Selebran, Henri"]
[Black "Lagarde, Maxime"]
[Result "0-1"]
[WhiteElo "2109"]
[BlackElo "2657"]
[Annotator "TA"]
[PlyCount "48"]
[EventDate "2019.09.08"]
[EventType "swiss"]
[EventCountry "FRA"]
[SourceTitle "playchess.com"]
[Source "ChessBase"]
[SourceQuality "1"]

{[%evp 13,48,0,17,-17,-14,-12,-8,-19,16,-13,-10,-52,-38,-58,0,0,6,-83,-85,-73,-30,-102,0,0,0,-35,-36,-112,-44,-54,0,-77,-63,-63,0,-222,-214]} 1. c4 Nf6 2. g3 g6 3. Bg2 Bg7 4. Nc3 O-O 5. d3 d6 6. Nf3 e5 7. O-O c5 8. Nd5 $146 {A24: English Opening vs King's Indian: Lines without ...Nc6} ({Predecessor:} 8. Bg5 h6 9. Bxf6 Bxf6 10. Rb1 Nc6 11. a3 Bg7 12. b4 cxb4 13. axb4 Be6 14. Nd2 Qd7 15. Nd5 Ne7 16. Nxe7+ Qxe7 17. Ne4 d5 18. cxd5 Bxd5 19. Nc5 Bxg2 20. Kxg2 {0-1 (51) Dzagnidze,N (2513)-Bodnaruk,A (2420) St Petersburg 2018}) 8... Nxd5 9. cxd5 Na6 10. e4 {The position is equal.} h6 11. Ne1 f5 12. f4 exf4 13. gxf4 fxe4 (13... Re8 $15) 14. dxe4 $11 Bd7 15. Nd3 (15. Kh1 $11 {keeps the balance.}) 15... c4 $17 16. Nf2 Nc5 17. Qe2 {[#]} (17. Be3 $11) 17... b5 (17... Qh4 $1 $17) 18. Be3 $11 Na4 $36 {[%mdl 2048] Black has the initiative.} 19. Rab1 (19. e5 $5) 19... Qh4 20. Nh1 {[#]} (20. Kh1 $15) 20... Rac8 (20... c3 $1 $17 {[%cal Ra4b2]} 21. b3 Nb6) 21. Ng3 $15 Nc5 ({Black should try} 21... c3 $15 22. b3 Nb2) 22. Bxc5 (22. e5 $1 $11) 22... Rxc5 $17 ({Much weaker is} 22... dxc5 23. e5 $11) 23. Qe3 {next e5 is good for White.} Qe7 (23... Bh3 $15) 24. Rf2 $2 {[#]} (24. e5 $11) 24... Rxd5 $1 {[%mdl 576] Pin. Accuracy: White = 20%, Black = 41%.} 0-1

[Event "1st Chateau Montaiguillon Rapid 2019"]
[Site "Montagne"]
[Date "2019.09.08"]
[Round "2.4"]
[White "Cornette, Matthieu"]
[Black "Chelle, Herve"]
[Result "1-0"]
[WhiteElo "2558"]
[BlackElo "1906"]
[Annotator "RC"]
[PlyCount "53"]
[EventDate "2019.09.08"]
[EventType "swiss"]
[EventCountry "FRA"]
[SourceTitle "playchess.com"]
[Source "ChessBase"]
[SourceQuality "1"]
[TimeControl "720+3"]

1. e4 {[%emt 0:00:00]} e5 {[%emt 0:00:02]} 2. Nf3 {[%emt 0:00:01]} Nf6 {[%emt 0:00:02]} 3. Nc3 {[%emt 0:00:01]} Nc6 {[%emt 0:00:13]} 4. Bb5 {[%emt 0:00:07]} Bc5 {[%emt 0:00:52]} 5. O-O {[%emt 0:00:08]} d6 {[%emt 0:00:05]} 6. d4 {[%emt 0:00:14]} exd4 {[%emt 0:00:03]} 7. Nxd4 {[%emt 0:00:27]} Bxd4 {[%emt 0:00:06]} 8. Qxd4 {[%emt 0:00:16]} Bd7 {[%emt 0:00:01]} 9. Qd1 {[%emt 0:00:15]} O-O {[%emt 0:00:11]} 10. Bg5 {[%emt 0:00:03]} Ne5 {[%emt 0:00:04]} 11. f4 {[%emt 0:01:30]} Neg4 {[%emt 0:00:09]} 12. Bxd7 {[%emt 0:00:23]} Qxd7 {[%emt 0:00:18]} 13. Qd2 {[%emt 0:01:01]} Rfe8 {[%emt 0:00:24]} 14. Rae1 {[%emt 0:00:24]} Qc6 {[%emt 0:00:23]} 15. h3 {[%emt 0:00:05]} h6 {[%emt 0:00:24]} 16. Bh4 {[%emt 0:00:31]} Qb6+ {[%emt 0:00:38]} 17. Kh1 {[%emt 0:00:03]} Qxb2 {[%emt 0:02:03]} 18. hxg4 {[%emt 0:00:14]} Nxg4 {[%emt 0:00:01]} 19. Nd5 {[%emt 0:00:12]} h5 {[%emt 0:00:07]} 20. Rb1 {[%emt 0:00:43]} Qxa2 {[%emt 0:00:04]} 21. Nxc7 {[%emt 0:00:33]} Rac8 {[%emt 0:00:16]} 22. Nxe8 {[%emt 0:00:13]} Rxc2 {[%emt 0:00:04]} 23. Qd4 {[%emt 0:00:01]} f6 {[%emt 0:00:24]} 24. Qd5+ {[%emt 0:00:11]} Qxd5 {[%emt 0:00:03]} 25. exd5 {[%emt 0:00:02]} Ne3 {[%emt 0:00:12]} 26. Rf2 {[%emt 0:00:24]} Rd2 {[%emt 0:00:22]} 27. Rxd2 {[%emt 0:00:04]} 1-0

[Event "1st Chateau Montaiguillon Rapid 2019"]
[Site "Montagne"]
[Date "2019.09.08"]
[Round "2.5"]
[White "Gelos, Guillaume"]
[Black "Sochacki, Christophe"]
[Result "0-1"]
[WhiteElo "1947"]
[BlackElo "2479"]
[Annotator "ChessBase"]
[PlyCount "64"]
[EventDate "2019.09.08"]
[EventType "swiss"]
[EventCountry "FRA"]
[SourceTitle "playchess.com"]
[Source "ChessBase"]
[SourceQuality "1"]
[TimeControl "720+3"]

1. c4 {[%emt 0:00:00]} e6 {[%emt 0:00:06]} 2. g3 {[%emt 0:00:02]} d5 {[%emt 0:00:01]} 3. Bg2 {[%emt 0:00:02]} Nf6 {[%emt 0:00:03]} 4. d3 {[%emt 0:00:02]} Be7 {[%emt 0:00:08]} 5. e3 {[%emt 0:00:20]} O-O {[%emt 0:00:03]} 6. b3 {[%emt 0:00:04]} a5 {[%emt 0:00:03]} 7. Nc3 {[%emt 0:00:43]} c6 {[%emt 0:02:03]} 8. Nge2 {[%emt 0:00:13]} e5 {[%emt 0:00:11]} 9. O-O {[%emt 0:00:40]} d4 {[%emt 0:01:16]} 10. exd4 {[%emt 0:01:53]} exd4 {[%emt 0:00:01]} 11. Nb1 {[%emt 0:00:12]} Bf5 {[%emt 0:00:11]} 12. Ba3 {[%emt 0:01:09]} Re8 {[%emt 0:00:52]} 13. Bb2 {[%emt 0:00:36]} Bc5 {[%emt 0:00:30]} 14. a3 {[%emt 0:00:51]} Qd7 {[%emt 0:00:14]} 15. Qd2 {[%emt 0:00:38]} Na6 {[%emt 0:00:03]} 16. Nf4 {[%emt 0:00:32]} h6 {[%emt 0:00:11]} 17. h4 {[%emt 0:00:56]} Bf8 {[%emt 0:01:18]} 18. Rd1 {[%emt 0:00:54]} Bg4 {[%emt 0:00:39]} 19. f3 {[%emt 0:00:15]} Be6 {[%emt 0:00:02]} 20. Kh2 {[%emt 0:00:14]} Nc5 {[%emt 0:00:11]} 21. Qc2 {[%emt 0:00:21]} Bd6 {[%emt 0:00:02]} 22. Bxd4 {[%emt 0:00:51]} a4 {[%emt 0:00:54]} 23. Bxc5 {[%emt 0:00:09]} Bxc5 {[%emt 0:00:05]} 24. b4 {[%emt 0:00:15]} Bd4 {[%emt 0:00:24]} 25. Ra2 {[%emt 0:00:15]} Bf5 {[%emt 0:00:04]} 26. Nd2 {[%emt 0:00:06]} g5 {[%emt 0:00:04]} 27. hxg5 {[%emt 0:00:09]} hxg5 {[%emt 0:00:01]} 28. Nh3 {[%emt 0:00:15]} Bxh3 {[%emt 0:00:11]} 29. Bxh3 {[%emt 0:00:02]} Re2+ {[%emt 0:00:02]} 30. Bg2 {[%emt 0:00:00]} Kg7 {[%emt 0:00:01]} 31. g4 {[%emt 0:00:45]} Rh8+ {[%emt 0:00:02]} 32. Kg3 {[%emt 0:00:00]} Bf2# {[%emt 0:03:40]} 0-1

[Event "1st Chateau Montaiguillon Rapid 2019"]
[Site "Montagne"]
[Date "2019.09.08"]
[Round "3.1"]
[White "Moussard, Jules"]
[Black "Saada, Julien"]
[Result "1-0"]
[WhiteElo "2608"]
[BlackElo "2258"]
[Annotator "RC"]
[PlyCount "65"]
[EventDate "2019.09.08"]
[EventType "swiss"]
[EventCountry "FRA"]
[SourceTitle "playchess.com"]
[Source "ChessBase"]
[SourceQuality "1"]
[TimeControl "720+3"]

1. e4 {[%emt 0:00:01]} c6 {[%emt 0:00:00]} 2. d3 {[%emt 0:00:12]} d5 {[%emt 0:00:01]} 3. f4 {[%emt 0:00:01]} dxe4 {[%emt 0:00:21]} 4. dxe4 {[%emt 0:00:01]} Qxd1+ {[%emt 0:00:07]} 5. Kxd1 {[%emt 0:00:02]} g6 {[%emt 0:00:33]} 6. Nf3 {[%emt 0:00:19]} Bg7 {[%emt 0:00:05]} 7. c3 {[%emt 0:00:03]} Nf6 {[%emt 0:00:15]} 8. Bd3 {[%emt 0:00:14]} O-O {[%emt 0:00:21]} 9. Ke2 {[%emt 0:00:59]} b6 {[%emt 0:00:59]} 10. Be3 {[%emt 0:00:14]} Ba6 {[%emt 0:09:48]} 11. Bxa6 {[%emt 0:00:08]} Nxa6 {[%emt 0:00:00]} 12. Nbd2 {[%emt 0:00:01]} Nc7 {[%emt 0:00:00]} 13. a4 {[%emt 0:00:20]} c5 {[%emt 0:00:00]} 14. a5 {[%emt 0:00:18]} Nd7 {[%emt 0:00:00]} 15. Rhd1 {[%emt 0:00:08]} Rfd8 {[%emt 0:00:00]} 16. axb6 {[%emt 0:00:07]} axb6 {[%emt 0:00:00]} 17. Rxa8 {[%emt 0:00:15]} Nxa8 {[%emt 0:00:00]} 18. Nc4 {[%emt 0:00:05]} Kf8 {[%emt 0:00:00]} 19. Ra1 {[%emt 0:00:46]} b5 {[%emt 0:00:00]} 20. Nce5 {[%emt 0:00:03]} Nxe5 {[%emt 0:00:00]} 21. Nxe5 {[%emt 0:00:02]} Bxe5 {[%emt 0:00:00]} 22. fxe5 {[%emt 0:00:02]} c4 {[%emt 0:00:00]} 23. e6 {[%emt 0:01:21]} fxe6 {[%emt 0:00:00]} 24. Ra7 {[%emt 0:00:02]} Rc8 {[%emt 0:00:00]} 25. Bf4 {[%emt 0:00:11]} Ke8 {[%emt 0:00:00]} 26. Rb7 {[%emt 0:00:03]} e5 {[%emt 0:00:00]} 27. Bxe5 {[%emt 0:00:06]} Rc5 {[%emt 0:00:00]} 28. Bd4 {[%emt 0:00:16]} Rc8 {[%emt 0:00:00]} 29. Rxb5 {[%emt 0:00:02]} Kd7 {[%emt 0:00:00]} 30. Rb7+ {[%emt 0:00:26]} Ke6 {[%emt 0:00:00]} 31. Ke3 {[%emt 0:00:02]} Nc7 {[%emt 0:00:00]} 32. Bc5 {[%emt 0:00:02]} Kd7 {[%emt 0:00:00]} 33. Bb6 {[%emt 0:00:02]} 1-0

[Event "1st Chateau Montaiguillon Rapid 2019"]
[Site "Montagne"]
[Date "2019.09.08"]
[Round "3.2"]
[White "Mullon, Jean-Baptiste"]
[Black "Fressinet, Laurent"]
[Result "0-1"]
[WhiteElo "2357"]
[BlackElo "2633"]
[Annotator "RC"]
[PlyCount "60"]
[EventDate "2019.09.08"]
[EventType "swiss"]
[EventCountry "FRA"]
[SourceTitle "playchess.com"]
[Source "ChessBase"]
[SourceQuality "1"]
[TimeControl "720+3"]

1. e4 {[%emt 0:00:00]} c5 {[%emt 0:00:00]} 2. Nf3 {[%emt 0:00:06]} d6 {[%emt 0:00:00]} 3. d4 {[%emt 0:00:07]} cxd4 {[%emt 0:00:01]} 4. Nxd4 {[%emt 0:00:02]} Nf6 {[%emt 0:00:03]} 5. Nc3 {[%emt 0:00:02]} Bd7 {[%emt 0:00:02]} 6. Bg5 {[%emt 0:00:10]} e6 {[%emt 0:00:02]} 7. Qd2 {[%emt 0:00:05]} a6 {[%emt 0:00:07]} 8. O-O-O {[%emt 0:00:10]} h6 {[%emt 0:00:08]} 9. Bxf6 {[%emt 0:00:24]} Qxf6 {[%emt 0:00:03]} 10. f4 {[%emt 0:00:04]} Nc6 {[%emt 0:00:29]} 11. Nf3 {[%emt 0:00:40]} Qd8 {[%emt 0:00:14]} 12. Kb1 {[%emt 0:00:33]} Rc8 {[%emt 0:00:17]} 13. Bc4 {[%emt 0:00:57]} Na5 {[%emt 0:00:33]} 14. Bb3 {[%emt 0:00:03]} Be7 {[%emt 0:00:10]} 15. g4 {[%emt 0:00:11]} Nc4 {[%emt 0:00:15]} 16. Qd4 {[%emt 0:00:42]} b5 {[%emt 0:00:05]} 17. e5 {[%emt 0:00:17]} d5 {[%emt 0:02:03]} 18. f5 {[%emt 0:02:34]} Qb6 {[%emt 0:00:45]} 19. fxe6 {[%emt 0:00:05]} fxe6 {[%emt 0:00:08]} 20. Qd3 {[%emt 0:00:10]} O-O {[%emt 0:00:09]} 21. g5 {[%emt 0:05:41]} hxg5 {[%emt 0:01:59]} 22. h4 {[%emt 0:00:00]} Qe3 {[%emt 0:00:17]} 23. Bxc4 {[%emt 0:00:00]} Qxd3 {[%emt 0:00:10]} 24. Bxd3 {[%emt 0:00:00]} Rxf3 {[%emt 0:00:01]} 25. hxg5 {[%emt 0:00:00]} Bxg5 {[%emt 0:00:32]} 26. Rdg1 {[%emt 0:00:00]} Bf4 {[%emt 0:00:18]} 27. Bh7+ {[%emt 0:00:00]} Kf8 {[%emt 0:00:15]} 28. Re1 {[%emt 0:00:00]} Ke7 {[%emt 0:00:53]} 29. Bg6 {[%emt 0:00:00]} Re3 {[%emt 0:00:32]} 30. Rxe3 {[%emt 0:00:00]} Bxe3 {[%emt 0:00:02]} 0-1